000 00526nam a22002177a 4500
003 UA-OsUOA
001 45911
007 ta
008 20070521b un ||||| |||| 00| 0 ukr d
100 _aФилимонов А.В.
090 _a159
_bФ-11
942 _cSA
040 _aUA-OsUOA
_brus
_cUA-OsUOA
_dUA-OsUOA
245 _aРасширеная модель психики
300 _aС.28-44
955 _a0
041 _arus
080 _a159
773 0 _w45909
650 7 _a1 Філософські науки
_2UDC
999 _c332010
_d332010